| 000 | 00451nam a2200169Ia 4500 | ||
|---|---|---|---|
| 003 | GCL | ||
| 008 | 140319s9999 xx 000 0 ara d | ||
| 040 |
_aGCL / _cGCL |
||
| 082 | 0 | 4 |
_aد _b050 |
| 100 | 1 | _aزهيرة البيلى | |
| 245 | 1 | 0 |
_aحوار الشرق و الغرب (اقرا 585 ) / _cزهيرة البيلى |
| 300 | _a177 | ||
| 490 |
_aاقرأ _v0 |
||
| 650 | 0 | 4 | _aالادباء |
| 650 | 0 | 4 | _aتراجم ذاتية |
| 942 |
_2ddc _cBK |
||
| 999 |
_c49576 _d49576 |
||